US States Longitude Test - Statistics

General Stats
  • This quiz has been taken 19 times
  • The average score is 9 of 15
Answer Stats
Question Answer % Correct
Washington to Alaska False
100%
Rhode Island to Maine False
100%
New York to New Hampshire True
100%
Kentucky to Minnesota True
100%
North Dakota to Missouri False
50%
Tennessee to Pennsylvania False
50%
Alabama to Ohio False
50%
Georgia to Pennsylvania False
50%
Nebraska to New Mexico True
50%
Minnesota to Michigan True
50%
California to Montana True
50%
Hawaii to Alaska True
50%
Michigan to Arkansas True
50%
Indiana to Louisiana False
0%
Florida to Wisconsin True
0%
No matching quizzes found
Score Distribution
Percent of People with Each Score
Percentile by Number Answered
Your Score History
You have not taken this quiz